| 000 | 00423cam a2200157ua 4500 | ||
|---|---|---|---|
| 041 |
_aeng _h |
||
| 082 |
_a810 _bFEI/IN |
||
| 100 | _aFeidelson, Charles . | ||
| 245 |
_aInterpretations of American literature / _cCharles Feidelson. _hTextual Documents |
||
| 260 |
_aNew York : _bOxford University Press , _c1959. |
||
| 300 | _a386 ; . | ||
| 504 | _a | ||
| 700 | 1 | _aBrodtkorb, Paul . | |
| 942 | _cBK | ||
| 999 |
_c5121 _d5121 |
||